000 00266nam a2200109Ia 4500
005 20251222175820.0
008 251222s9999||||xx |||||||||||||| ||spa||
082 _aDVD0070/P43/2004
245 0 _aNineteen Eighty-Four:1984
264 _b20th Century Fox
942 _cDVD
999 _c40448
_d40448